| 000 | 00371nam a22001577a 4500 | ||
|---|---|---|---|
| 003 | SGT | ||
| 020 | _a9789355420909 | ||
| 082 | _a005.133,SIE | ||
| 100 | _aSIERRA,KATHY | ||
| 245 | _aHEAD FIRST JAVA ALEARNES GUIDE TO REAL WORLD PROGRAMMING | ||
| 250 | _a3RD | ||
| 260 |
_aNEW DELHI _bSPD _c2022 |
||
| 300 | _a716 | ||
| 650 | _aCOMPUTER SCIENCE | ||
| 942 |
_2ddc _cBK _023 |
||
| 999 |
_c25833 _d25833 |
||